000 00314nam a22001217a 4500
008 171020b xxu||||| |||| 00| 0 eng d
041 _aeng
080 _a338
100 _a54
101 _aMIS
245 _aSYSTEMS ANALYSIS AND DESIGN OF REAL-TIME MANAGEMENT INFORMATION SYSTEMS
_cTHIERAUF, R.J
942 _2udc
_cBK
999 _c35133
_d35133